|
|
|
|
| LEADER |
01532nam a2200397 a 4500 |
| 001 |
000059491 |
| 003 |
CZ BrMZK |
| 005 |
20211212210948.0 |
| 007 |
ta |
| 008 |
950313s1996 xr e f 0 cze d |
| 015 |
|
|
|a cnb000118928
|
| 040 |
|
|
|a BOA001
|b cze
|
| 043 |
|
|
|a e-xr---
|
| 072 |
|
7 |
|a 624
|x Stavební inženýrství
|2 Konspekt
|9 19
|
| 080 |
|
|
|a 624.011.1
|2 MRF
|
| 080 |
|
|
|a 006.7/.8
|2 MRF
|
| 080 |
|
|
|a 674.048.3/.4
|2 MRF
|
| 080 |
|
|
|a (437.3)
|2 MRF
|
| 080 |
|
|
|a (083)
|2 MRF
|
| 080 |
|
|
|a (035)
|2 MRF
|
| 100 |
1 |
|
|a Straka, Bohumil
|7 jk01121301
|4 aut
|
| 245 |
1 |
0 |
|a Dřevěné konstrukce :
|b návrh, provádění, ochrana : nová norma ČSN P ENV (1996) /
|c Bohumil Straka, Ladislav Bukovský
|
| 260 |
|
|
|a Brno :
|b Vysoké učení technické v Brně, Ústav soudního inženýrství ;
|a Ostrava :
|b Expert,
|c 1996
|
| 300 |
|
|
|a 92 s. :
|b il. ;
|c 21 cm
|
| 490 |
1 |
|
|a Projekční a konstrukční pomůcky. Projekční pomůcky ;
|v č. 7
|
| 504 |
|
|
|a Obsahuje bibliografii
|
| 650 |
0 |
7 |
|a dřevěné konstrukce
|7 ph114410
|2 czenas
|
| 650 |
0 |
7 |
|a technické normy a standardy
|7 ph260676
|z Česko
|2 czenas
|
| 650 |
0 |
7 |
|a ochrana dřeva
|7 ph136658
|2 czenas
|
| 655 |
|
7 |
|a normy
|7 fd131861
|2 czenas
|
| 655 |
|
7 |
|a příručky
|7 fd133209
|2 czenas
|
| 700 |
1 |
|
|a Bukovský, Ladislav
|7 jn19981000361
|4 aut
|
| 830 |
|
0 |
|a Projekční a konstrukční pomůcky.
|p Projekční pomůcky
|
| 910 |
|
|
|a BOA001
|b 2-1017.372
|
| 990 |
|
|
|a BK
|
| 996 |
6 |
|
|b 2610032696
|c 2-1017.372
|l MZK
|r Sklad / do 1 hodiny
|n 67
|p p.v. ; nelze digi.
|w 000059491
|u 000010
|a 1
|e BOA001
|j MZK50
|s P
|